TH-SOF-1442-Business Process Re-engineering for Smart Manufacturing (Record no. 577308)

000 -LEADER
fixed length control field 00360nam a22001217a 4500
082 ## - DEWEY DECIMAL CLASSIFICATION NUMBER
Classification number 200 THE
100 ## - MAIN ENTRY--PERSONAL NAME
Personal name NOREEN MARYAM
9 (RLIN) 70317
245 ## - TITLE STATEMENT
Title TH-SOF-1442-Business Process Re-engineering for Smart Manufacturing
260 ## - PUBLICATION, DISTRIBUTION, ETC.
Place of publication, distribution, etc. Islamabad
Name of publisher, distributor, etc. NUST College of EME
Date of publication, distribution, etc. 2017
650 ## - SUBJECT ADDED ENTRY--TOPICAL TERM
Topical term or geographic name entry element MS-CSE-15 MSTHESIS
9 (RLIN) 69366
700 ## - ADDED ENTRY--PERSONAL NAME
Personal name DR SHOAB AHMED KHAN
9 (RLIN) 16053
942 ## - ADDED ENTRY ELEMENTS (KOHA)
Koha item type Computer Files
Holdings
Withdrawn status Lost status Damaged status Not for loan Permanent Location Current Location Shelving location Date acquired Total Checkouts Full call number Barcode Date last seen Price effective from Koha item type
        College of Electrical & Mechanical Engineering (CEME) College of Electrical & Mechanical Engineering (CEME) Reference 11/26/2019   200 THE TH-SOF-1442 06/28/2021 06/28/2021 Computer Files
© 2023 Central Library, National University of Sciences and Technology. All Rights Reserved.